03659nam a2200325 a 4500003000500000005001700005007000300022008004100025020002200066040001700088082002500105100003700130245013100167246005800298264006000356300005400416336002700470337002700497338002800524500001800552505188300570520068302453534002303136650001503159650002503174650002303199650003703222700003403259700004003293CHAP20240130131257.0ta231019s2018 SP ao||fr|||| 001 0 spa d a978-84-17225-32-2 aZcCHAPerda00a637.15bM43 20182201 aMeana Mañes, Aránzazueautor17a40 Q&A sobre sanidad y producción apícola /cAránzazu Meana Mañes, Mariano Higes Pascual y Raquel Martín Hernández3 aCuarenta Q y A sobre sanidad y producción apícola 1aZaragiza, España:bGrupo Asis Biomedia. Servet,c2018 axiv, 176 páginas:bilustraciones, fotografías 2rdacontentatextobtxt 2rdamediaasin mediobn 2rdacarrieravolumenbnc aej.1: consumo g1. Q&A de bases de la apicultura.-- 1. ¿Por qué la abeja es un animal ganadero?.--2.¿Qué toman las abejas de las flores?.-- 3 ¿Qué es el polietismo?.-- 2. Q&A de producción.-- Introducción.-- 4. ¿Qué es una colmena movilista?.-- 5. ¿Qué tipo de colmena es la mejor?.-- 6. ¿Qué es la cera estampada?.-- 7. ¿Cuándo debo revisar las colmenas?.-- 8. ¿Pongo el colmenar a la sombra?.-- 9. ¿Cómo multiplico colmenas?.-- 10. ¿Cuándo compro un camión para la explotación?.-- 11. ¿Cómo extraigo la miel?.-- 12. ¿Qué es la aplicultura ecológica?.-- 13. ¿Cómo puedo criar reinas?.-- 14 ¿Qué miel es la mejor?.-- 15. ¿Cuando se obtiene jalea real?.-- 16. ¿Para qué sirve el polen?.-- 3. Q&A de sanidad.-- Introducción.-- 17. ¿Qué debo mirar al inspeccionar un colmenar?.-- 18. ¿Cómo obtengo las muestras en un colmenar?.-- 19. ¿Qué veo a simple vista en la muestras de abejas?.-- 20. ¿Son los plaguicidas la principal amenaza de las anejas melíferas?.-- 21¿Cómo respiran las varroas?.-- 22. ¿Cómo vive Varroa?.-- 23. ¿Qué efecto tiene Varroa en las colmenas?.-- 24. ¿Cómo evalúo la vorroosis?.-- 25. ¿Cuándo puede aparecer una gran infestación de Varroa?.-- 26. ¿Cómo controlo la varroosis?.-- 27. ¿Qué es la acarapisosis?.-- 28. ¿Cpomo es Nosema?.-- 29. ¿Cómo afecta Nosema a las abejas?.-- 30. ¿Qué efecto tiene Nosema en las colmenas?.-- 31. ¿Cómo evalúo la nosemosis?.-- 32. ¿Cuándo puede aparecer la nosemosis C y qué puedo hacer?.-- 33. ¿Que son los tripanosomátidos?.-- 34. ¿Qué son los neogregarinos?.-- 35. ¿Es la loque una enfermedad grave?.-- 36. ¿Cómo controlo la ascosferosis?.-- 37. ¿Qué virus tienen las abejas adultas?.-- 38. ¿Qué virus afectan a la cría?.-- 39. ¿Qué hago con las avispas?. 40. ¿Que otros agentes pueden afectar a la colmena? aObra eminentemente práctica concebida para mostrar a los profesionales del sector los aspectos más importantes de la producción apícola. La información se presenta de un modo totalmente diferente mediante preguntas y respuestas que pretenden estimular la curiosidad del lector y afianzar la adquisición de los conocimientos. La información se estructura en tres grandes capítulos que engloban las bases de la apicultura, la producción apícola y la sanidad de las abejas. Sus mas de 200 imágenes le confieren un carácter eminentemente práctico que sin duda será de gran interés para profesores experimentados y para quienes se inician en este campo. pTítulo original:13aApicultura13aAbejasxEnfremedades13aAbejas melíferas10aAbejas x Enfermedades Colmenas1 aHiges Pascual, Marianoeautor1 aMartín Hernández, Raqueleautor